<?xml version="1.0" encoding="UTF-8"?>
<collection xmlns="http://www.loc.gov/MARC21/slim">
 <record>
  <leader>     na                 </leader>
  <controlfield tag="001">INLIS000000000001844</controlfield>
  <controlfield tag="005">20220416112300</controlfield>
  <datafield tag="035" ind1=" " ind2=" ">
   <subfield code="a">0010-0422001418</subfield>
  </datafield>
  <controlfield tag="007">ta</controlfield>
  <controlfield tag="008">220416                g          1 ind  </controlfield>
  <datafield tag="020" ind1=" " ind2=" ">
   <subfield code="a">978-979-780-915</subfield>
  </datafield>
  <datafield tag="082" ind1=" " ind2=" ">
   <subfield code="a">899.221 308 2</subfield>
  </datafield>
  <datafield tag="084" ind1=" " ind2=" ">
   <subfield code="a">899.221 308 2 RAD u</subfield>
  </datafield>
  <datafield tag="100" ind1="0" ind2=" ">
   <subfield code="a">Raditya Dika</subfield>
  </datafield>
  <datafield tag="245" ind1="1" ind2=" ">
   <subfield code="a">Ubur-Ubur Lembur /</subfield>
   <subfield code="c">Raditya Dika ; editor, Windy Ariestanty</subfield>
  </datafield>
  <datafield tag="250" ind1=" " ind2=" ">
   <subfield code="a">Cet. 1</subfield>
  </datafield>
  <datafield tag="260" ind1=" " ind2=" ">
   <subfield code="a">Jakarta :</subfield>
   <subfield code="b">GagasMedia,</subfield>
   <subfield code="c">2018</subfield>
  </datafield>
  <datafield tag="300" ind1=" " ind2=" ">
   <subfield code="a">viii, 232 hlm. :</subfield>
   <subfield code="b">ilus. ;</subfield>
   <subfield code="c">20 cm.</subfield>
  </datafield>
  <datafield tag="650" ind1=" " ind2="4">
   <subfield code="a">Fiksi Indonesia</subfield>
  </datafield>
  <datafield tag="700" ind1="0" ind2=" ">
   <subfield code="a">editor, Windy Ariestanty</subfield>
  </datafield>
  <datafield tag="520" ind1=" " ind2=" ">
   <subfield code="a">Bercerita tentang Raditya Dika dari masa kecil hingga dewasa.Juga proses panjangnya menjadi seorang penulis.</subfield>
  </datafield>
  <datafield tag="856" ind1=" " ind2=" ">
   <subfield code="a">-</subfield>
  </datafield>
 </record>
</collection>
